INDIA'S A MILITARY HISTORY WARS (1947-1971) (Record no. 12311)

MARC details
000 -LEADER
fixed length control field 00299nam a22000977a 4500
008 - FIXED-LENGTH DATA ELEMENTS--GENERAL INFORMATION
fixed length control field 230607b |||||||| |||| 00| 0 eng d
020 ## - INTERNATIONAL STANDARD BOOK NUMBER
International Standard Book Number 9789351777496
100 ## - MAIN ENTRY--PERSONAL NAME
Personal name SUBRAMANIAM ARJUN
9 (RLIN) 7679
245 ## - TITLE STATEMENT
Title INDIA'S A MILITARY HISTORY WARS (1947-1971)
260 ## - PUBLICATION, DISTRIBUTION, ETC. (IMPRINT)
Place of publication, distribution, etc. INDIA
Name of publisher, distributor, etc. HARPER COLLINS PUBLISHERS INDIA
Date of publication, distribution, etc. 2016
Holdings
Withdrawn status Lost status Source of classification or shelving scheme Damaged status Koha normalized classification for sorting Not for loan Home library Current library Shelving location Date acquired Total Checkouts Full call number Barcode Date last seen Price effective from Koha item type
    Dewey Decimal Classification   SUB_900_000000000000000   Good Samaritan School Library Good Samaritan School Library History 06/07/2023   SUB900 SUB17597 06/07/2023 06/07/2023 BOOK

Powered by Koha